Los medios de información colectiva en México /

Estudio acerca de los medios de comunicación, enfocados tanto desde una perspectiva teórica como desde el análisis de casos concretos. El autor repasa en las dos primeras secciones algunos elementos de la teoría de la comunicación y dentro de dicho campo, aspectos que pudieran integrarse en una teol...

Fuld beskrivelse

Guardado en:
Bibliografiske detaljer
Hovedforfatter: Maza, Enrique (autor)
Format: Bog
Sprog:spansk
Udgivet: México : Imprenta Mexicana, 1969
Fag:
Tags: Tilføj Tag
Ingen Tags, Vær først til at tagge denne postø!

MARC

LEADER 00000nam^a2200000^a^4500
001 000000499
005 20250521000000.0
009 20260310083028.302
037 |a Acervo ITESO - Biblioteca 
041 |a ESP 
082 |a 302. 2301  |b MAZ 
100 |a Maza, Enrique  |e (autor) 
245 1 4 |a Los medios de información colectiva en México /  |c E. Maza. 
264 1 |a México :  |b Imprenta Mexicana,  |c 1969 
300 |a 143 p. 
336 |a texto  |b txt  |2 rdacontenido 
337 |a sin mediación  |b n  |2 rdamedio 
338 |a volumen  |b nc  |2 rdasoporte 
520 |a Estudio acerca de los medios de comunicación, enfocados tanto desde una perspectiva teórica como desde el análisis de casos concretos. El autor repasa en las dos primeras secciones algunos elementos de la teoría de la comunicación y dentro de dicho campo, aspectos que pudieran integrarse en una teología de la comunicación, para concluir con la presentación de avances en sus investigaciones sobre los medios. 
649 |a XX 
650 |a Medios de Comunicación -  |z México 
650 |a Religión y Comunicación 
650 |a Comunicación Masiva -  |z México 
650 |a Comunicación -  |x Teoría 
650 |a Teología 
910 |a Fondo General 
920 |a Impresos - Libros 
930 |a Colección General 
905 |a 101 
901 |a 0004990200  |b IT1  |c ACC  |i 900588  |u 20250521 
902 |a https://opac.biblio.iteso.mx/vufind/Record/000000499